| 000 | 00439nam a2200157Ia 4500 | ||
|---|---|---|---|
| 008 | 230312s9999||||xx |||||||||||||| ||und|| | ||
| 020 | _a81-224-1790-6 | ||
| 082 |
_a658.787 _bSOR-W |
||
| 100 | _aDidier Sornette | ||
| 245 | 0 | _aWhy Stock Markets Crash | |
| 260 |
_bPrinceton University Press _aIndia _c2006 |
||
| 300 | _a421 | ||
| 546 | _aEng. | ||
| 650 |
_aManagement _vFinancial Crashes : What, How , Why, and When ? |
||
| 942 | _cBK | ||
| 999 |
_c387 _d387 |
||